[Event "ROM-ch U12"]
[Site "Calimanesti Caciulata"]
[Date "2019.04.20"]
[Round "7"]
[White "Nicolae, Dan Stefan"]
[Black "Cosac, Robert Mihai"]
[Result "0-1"]
[WhiteElo "1491"]
[BlackElo "1765"]
[PlyCount "112"]
[EventDate "2019.04.15"]
[EventType "swiss"]
[EventRounds "9"]
[EventCountry "ROU"]
[SourceTitle "CBM 190 Extra"]
[Source "ChessBase"]
[SourceDate "2019.07.15"]
[SourceVersion "1"]
[SourceVersionDate "2019.07.15"]
[SourceQuality "1"]

1. d4 d5 2. Nf3 Nf6 3. g3 Bf5 4. Bg2 e6 5. 0-0 Nc6 6. c4 dxc4 7. Ne5 Nxe5 8. dxe5 Qxd1 9. Rxd1 Ne4 10. Nc3 Nxc3 11. bxc3 c6 12. Be3 Ba3 13. Rd2 Rd8 14. Rxd8+ Kxd8 15. Rd1+ Kc7 16. Bxa7 Rd8 17. Rxd8 Kxd8 18. e4 Bg6 19. Be3 Bb2 20. Bd2 Kc7 21. f4 b5 22. g4 h6 23. f5 Bh7 24. Kf2 b4 25. cxb4 c3 26. Be3 c2 27. Ke2 c1Q 28. Bxc1 Bxc1 29. Kd3 Bf4 30. h3 Bxe5 31. Kc4 Bd6 32. a4 Kb6 33. a5+ Ka6 34. fxe6 fxe6 35. e5 Bxe5 36. Bxc6 Bc7 37. Bd7 e5 38. Bc8+ Ka7 39. Bf5 Bxf5 40. gxf5 Ka6 41. Kd5 Kb5 42. Ke4 Bd6 43. Kd5 Bxb4 44. Kxe5 Bc3+ 45. Ke6 Kxa5 46. Kf7 Kb5 47. Kg6 Kc5 48. Kh5 Kd5 49. Kg4 Ke4 50. h4 Bf6 51. Kh5 Kf4 52. Kg6 Kg4 53. h5 Kf4 54. Kh7 Kxf5 55. Kg8 Kg5 56. Kh7 Kxh5 0-1

[Event "ROM-ch U10"]
[Site "Calimanesti"]
[Date "2018.03.31"]
[Round "6"]
[White "Cosac, Robert Mihai"]
[Black "Coman, Andrei M"]
[Result "1-0"]
[WhiteElo "1421"]
[BlackElo "1081"]
[PlyCount "62"]
[EventDate "2018.03.27"]
[EventType "swiss"]
[EventRounds "9"]
[EventCountry "ROU"]
[SourceTitle "CBM 183 Extra"]
[Source "ChessBase"]
[SourceDate "2018.04.19"]
[SourceVersion "1"]
[SourceVersionDate "2018.04.19"]
[SourceQuality "1"]

1. e4 e5 2. Nf3 Nc6 3. d4 exd4 4. Nxd4 Bc5 5. Be3 Qf6 6. c3 Nge7 7. Nc2 Bxe3 8. Nxe3 0-0 9. g3 d6 10. Bg2 Qh6 11. 0-0 Bh3 12. Nd2 f5 13. Qb3+ Kh8 14. Bxh3 Qxh3 15. exf5 Rab8 16. Ng2 Rf6 17. Nf4 Qh6 18. Rae1 g5 19. fxg6 Rxf4 20. gxf4 Rg8 21. Re6 Nxg6 22. Kh1 Qxf4 23. Qc2 Nce5 24. f3 Qf7 25. Qb3 c5 26. Rxd6 Qf4 27. c4 Nxf3 28. Qc3+ Rg7 29. Rd8+ Nf8 30. Rxf3 Qxf3+ 31. Qxf3 h6 1-0

[Event "ROM-ch U10"]
[Site "Baile Felix"]
[Date "2017.02.09"]
[Round "9"]
[White "Cosac, Robert Mihai"]
[Black "Szegedy, Matyas"]
[Result "0-1"]
[WhiteElo "1287"]
[BlackElo "1196"]
[PlyCount "74"]
[EventDate "2017.02.02"]
[EventType "swiss"]
[EventRounds "9"]
[EventCountry "ROU"]
[SourceTitle "CBM 176 Extra"]
[Source "ChessBase"]
[SourceDate "2017.03.02"]
[SourceVersion "1"]
[SourceVersionDate "2017.03.02"]
[SourceQuality "1"]

1. d4 g6 2. e4 Bg7 3. Nf3 d5 4. exd5 Qxd5 5. Nc3 Qd8 6. Bf4 a6 7. Bc4 Nf6 8. h3 b6 9. Be2 Bb7 10. 0-0 0-0 11. Re1 Nc6 12. Be3 Nb4 13. a3 Nbd5 14. Nxd5 Nxd5 15. c3 Qd6 16. Qd2 Rfe8 17. Rad1 Nxe3 18. fxe3 Bh6 19. Ne5 c5 20. Bc4 e6 21. Qf2 Rf8 22. a4 Rae8 23. Ng4 Bg7 24. Qe2 a5 25. Bb5 Rd8 26. Rd2 cxd4 27. exd4 f5 28. Ne5 Bh6 29. Rdd1 Rf6 30. Rf1 Qd5 31. Ng4 fxg4 32. Rxf6 Be3+ 33. Kh2 gxh3 34. Kxh3 Qg5 35. Rff1 Bf4 36. Qg4 Bxg2+ 37. Qxg2 Qh5# 0-1

[Event "ROM-ch U10"]
[Site "Baile Felix"]
[Date "2017.02.04"]
[Round "3"]
[White "Cosac, Robert Mihai"]
[Black "David, Andrei"]
[Result "1-0"]
[WhiteElo "1287"]
[BlackElo "1110"]
[PlyCount "95"]
[EventDate "2017.02.02"]
[EventType "swiss"]
[EventRounds "9"]
[EventCountry "ROU"]
[SourceTitle "CBM 176 Extra"]
[Source "ChessBase"]
[SourceDate "2017.03.02"]
[SourceVersion "1"]
[SourceVersionDate "2017.03.02"]
[SourceQuality "1"]

1. d4 d5 2. Nf3 e6 3. Bf4 Nf6 4. e3 Be7 5. c4 c6 6. Bd3 Nbd7 7. 0-0 dxc4 8. Bxc4 Nd5 9. Bg3 0-0 10. e4 N5b6 11. Nbd2 Nxc4 12. Nxc4 Nb6 13. Ne3 Bd6 14. Bh4 f6 15. Qb3 Kh8 16. Ng4 e5 17. Ngxe5 Bxe5 18. dxe5 Bg4 19. exf6 gxf6 20. e5 Nd7 21. e6 Nc5 22. Qc4 Bxf3 23. Qxc5 Qd5 24. Qxd5 Bxd5 25. e7 Rf7 26. Rfe1 Re8 27. Re3 b5 28. a3 a5 29. f3 Kg7 30. Rae1 h5 31. Kf2 a4 32. Bg3 Kg6 33. Bd6 f5 34. f4 Kf6 35. Rh3 Rh7 36. Ree3 Be4 37. Rh4 Bd5 38. h3 Be6 39. Rg3 Bd7 40. Rg5 Ke6 41. Bb4 Kd5 42. Rhxh5 Rxh5 43. Rxh5 c5 44. Bc3 Rxe7 45. g4 Ke4 46. Kg3 Kd3 47. gxf5 Rg7+ 48. Bxg7 1-0

[Event "ROM-ch U08"]
[Site "Calimanesti Caciulata"]
[Date "2016.04.25"]
[Round "9"]
[White "Cosac, Robert Mihai"]
[Black "Cotoros, Eduard"]
[Result "0-1"]
[WhiteElo "1001"]
[BlackElo "1365"]
[PlyCount "54"]
[EventDate "2016.04.18"]
[EventType "swiss"]
[EventRounds "9"]
[EventCountry "ROU"]
[SourceTitle "EXT 2017"]
[Source "ChessBase"]
[SourceDate "2016.10.25"]
[SourceVersion "1"]
[SourceVersionDate "2016.10.25"]
[SourceQuality "1"]

1. e4 e5 2. Nf3 Nc6 3. Bc4 Bc5 4. 0-0 Nf6 5. Nc3 0-0 6. d3 d6 7. h3 h6 8. Be3 Bb6 9. Qd2 Be6 10. Bb3 Na5 11. Rfd1 c5 12. Bxe6 fxe6 13. Rac1 Bc7 14. Qe2 Qe7 15. Nh4 Kh7 16. Qf3 g5 17. Bxg5 hxg5 18. Qg3 gxh4 19. Qxh4+ Kg8 20. Re1 Qh7 21. Qg5+ Qg7 22. Qh4 Kf7 23. f4 Rg8 24. Re2 Rh8 25. Qf2 c4 26. fxe5 dxe5 27. Qc5 Bb6 0-1

[Event "ROM-ch U08"]
[Site "Calimanesti Caciulata"]
[Date "2016.04.22"]
[Round "6"]
[White "Tiganescu, Razvan Ionut"]
[Black "Cosac, Robert Mihai"]
[Result "1-0"]
[WhiteElo "1461"]
[BlackElo "1001"]
[PlyCount "87"]
[EventDate "2016.04.18"]
[EventType "swiss"]
[EventRounds "9"]
[EventCountry "ROU"]
[SourceTitle "CBM 172 Extra"]
[Source "ChessBase"]
[SourceDate "2016.06.21"]
[SourceVersion "1"]
[SourceVersionDate "2016.06.21"]
[SourceQuality "1"]

1. d4 d5 2. c4 c6 3. Nc3 Nf6 4. Bf4 dxc4 5. e3 b5 6. Nf3 Bf5 7. Be2 e6 8. 0-0 Bb4 9. Bg5 0-0 10. e4 Bxe4 11. Nxe4 Be7 12. Nxf6+ Bxf6 13. Bxf6 Qxf6 14. Rc1 Rd8 15. Rc3 c5 16. a4 cxd4 17. Rc1 d3 18. axb5 dxe2 19. Qxe2 g6 20. Rfd1 Nd7 21. Rxc4 Nb6 22. Rcd4 Nd5 23. Qe5 Qe7 24. Rxd5 Rxd5 25. Rxd5 Re8 26. Rd4 Rc8 27. g3 Rc2 28. Rd2 Rxd2 29. Nxd2 Qd7 30. Ne4 Kf8 31. Qc5+ Qe7 32. Qc3 Qd7 33. Qc6 Qxc6 34. bxc6 Ke8 35. b4 Kd8 36. b5 Kc7 37. Nf6 h5 38. Ne8+ Kc8 39. Kg2 f5 40. Kf3 e5 41. Ke3 Kb8 42. Kd3 e4+ 43. Kd4 g5 44. Ke5 1-0

[Event "ROM-ch U08"]
[Site "Calimanesti Caciulata"]
[Date "2016.04.18"]
[Round "1"]
[White "Jiglau, Lukas"]
[Black "Cosac, Robert Mihai"]
[Result "1-0"]
[WhiteElo "1185"]
[BlackElo "1001"]
[PlyCount "83"]
[EventDate "2016.04.18"]
[EventType "swiss"]
[EventRounds "9"]
[EventCountry "ROU"]
[SourceTitle "CBM 172 Extra"]
[Source "ChessBase"]
[SourceDate "2016.06.21"]
[SourceVersion "1"]
[SourceVersionDate "2016.06.21"]
[SourceQuality "1"]

1. e4 e5 2. Nf3 Nc6 3. Bc4 h6 4. d4 d6 5. d5 Nce7 6. Nc3 Nf6 7. Be3 Bg4 8. h3 Bh5 9. Be2 Bxf3 10. Bxf3 Ng6 11. 0-0 Be7 12. Qe2 0-0 13. Bh5 Qd7 14. Bg4 Nxg4 15. Qxg4 Qxg4 16. hxg4 b6 17. Nb5 Rac8 18. Nxa7 Ra8 19. Nc6 Bf6 20. a3 Ra6 21. a4 Rfa8 22. Ra3 Rxa4 23. Rfa1 Rxa3 24. Rxa3 Rxa3 25. bxa3 Kf8 26. Kf1 Ke8 27. Ke2 Kd7 28. Kd3 Kc8 29. Kc4 Kb7 30. Kb5 Ne7 31. Nxe7 Bxe7 32. a4 Bd8 33. g3 g5 34. f4 f6 35. fxg5 hxg5 36. c3 Kb8 37. Kc6 Kc8 38. c4 Be7 39. Bd2 Bd8 40. a5 bxa5 41. Bxa5 Be7 42. Bxc7 1-0